Permasalahan aqidah tauhid : pegangan setiap mukmin

Bibliographic Details
Main Author: Ishak Din
Format: Book
Published: Kuala Lumpur : Darul Nu'Man , 1995
Subjects:

MARC

LEADER 00000cam a2200000 7i4500
001 0000009228
002 000010048
005 20000330.0
020 |a 9830460525 
090 0 0 |a 297.211   |b ISH 
100 0 |a Ishak Din 
245 1 0 |a Permasalahan aqidah tauhid :   |b pegangan setiap mukmin   |c Ust. Ishak Din & Prof. Dato' Dr. Harun Din 
260 |a Kuala Lumpur :   |b Darul Nu'Man ,   |c 1995 
300 |a 174p. ;   |c 21cm. 
650 0 0 |a Tauhid (Islam) 
999 |a 044023   |b BUKU   |c PINJAMAN   |e PERPUSTAKAAN KOMUNITI PETALING JAYA